000 012680000a22003250004500
003 EG-GICUC
005 20250223032057.0
008 070310s2003 ua d f m 000 0 eng d
040 _aEG-GICUC
_beng
_cEG-GICUC
041 0 _aEng
049 _aDeposite
097 _aM.Sc
099 _aCai01.13.04.M.Sc.2003.As.I
100 0 _aAshraf Fathy Mohamed
245 1 0 _aImprovement of the properties of insulating polymers at high temperature /
_cAshraf Fathy Mohamed ; Supervised Shadia Shaffik Aggour , Mohamed Ahmed Elshendidy , Sahar Mohamed Elmarsafy
246 1 5 _aتحسين خواص العوازل المطاطية فى درجات الحرارة العالية
260 _aCairo :
_bAshraf Fathy Mohamed ,
_c2003
300 _a111P :
_bcharts ;
_c30cm
502 _aThesis (M.Sc.) - Cairo University - Faculty Of Engineering - Department Of Chemical Engineering
530 _aIssued also as CD
653 4 _ahigh temperature
653 4 _ainsulating polymers
700 0 _aMohamed Ahmed Elshendidy ,
_eSupervisor
700 0 _aSahar Mohamed Elmarsafy ,
_eSupervisor
700 0 _aShadia Shaffik Aggour ,
_eSupervisor
856 _uhttp://172.23.153.220/th.pdf
905 _aAmira
_eCataloger
905 _aEsam
_eRevisor
942 _2ddc
_cTH
999 _c67878
_d67878